Statistiques concernant Petit Bac - Sports

Cliquez ici pour prendre le quiz!

Statistiques générales

  • Ce quiz a été pris 8 883 fois
  • Le résultat moyen est 16 sur 22

Statistiques - réponses

LettreSport% Correct
BBabyfoot | Badminton | Ball-Trap | Baseball | Basket | Béhourd | Biathlon | Billard | BMX | Bobsleigh | Body building | Boomerang | Bowling | Boxe
99%
FFitness | Flamenco | Fléchettes | Football | Footing | Futsal
95%
CCanicross | Canoë | Canyoning | Capoeira | Catch | Chanbara | Char à voile | Chase tag | Cheerleading | Cirque | Course | Cricket | Croquet | Cross | Curling | Cyclisme
94%
AAccrobranche | Acrosport | Aérobic | Agility | Aïkido | Airsoft | Alpinisme | Apnée | Athlétisme | Aviation | Aviron
91%
EE-sport | Échecs | Enduro | Équitation | Escalade | Escrime
91%
TTaekwondo | Taï chi | Tango | Tennis | Tir | Trail | Trampoline | Trapèze | Triathlon | Twirling
89%
KKaraté | Karting | Kayak | Kendo | Kick boxing | Kitesurf | Kung fu
85%
NNatation
85%
VVélo | Voile | Volley | Voltige | VTT
85%
HHaltérophilie | Handball | Handisport | Hapkido | Heptathlon | Hip hop | Hockey | Horse ball | Hurling
84%
PPaddle | Paintball | Parachutisme | Parapente | Parkour | Patinage | Pêche | Pelote | Pentathlon | Pétanque | Pilates | Ping pong | Planche à voile | Plongée | Plongeon | Pole dance | Polo
81%
JJetski | Ju-jistu | Judo
79%
RRafting | Rallye | Randonnée | Rink hockey | Rodéo |Roller | Rugby
77%
DDanse | Décathlon | Deltaplane
75%
MMarathon | Marche | MMA | Moto | Musculation
75%
GGolf | Gymnastique
74%
SSalsa | Samba | Sarbacane | Sauvetage | Skateboard | Skeleton | Ski | Slackline | Snowboard | Softball | Squash | Step | Sumo |Surf
73%
LLuge | Lutte
57%
WWaterpolo
42%
YYoga
31%
ZZumba
29%
UULM | Ultimate
26%

Distribution des résultats

Percentile par nombre de réponses

% des personnes avec chaque résultat

Votre développement - résultats

Vous n’avez pas pris ce quiz